10 Newest Country Flags (Easy Version) - Statistics

General Stats
  • This quiz has been taken 543 times
  • The average score is 9 of 10
Answer Stats
Picture Hint Answer % Correct
8 December 2024 Syria
96%
15 August 2021 Afghanistan
94%
17 February 2008 Kosovo
93%
26 December 2023 Kyrgyzstan
91%
22 January 2008 Iraq
89%
9 July 2011 South Sudan
89%
17 February 2011 Libya
88%
15 August 2017 Mauritania
87%
21 October 2010 Myanmar
87%
28 May 2012 Malawi
83%
No matching quizzes found
Score Distribution
Percent of People with Each Score
Percentile by Number Answered
Your Score History
You have not taken this quiz